Micribiology a liboratory manual (Record no. 396717)

MARC details
000 -LEADER
fixed length control field 00573nam a2200229 4500
005 - DATE & TIME
control field 20260119103836.0
008 - FIXED-LENGTH DATA ELEMENTS--GENERAL INFORMATION
fixed length control field 260119b |||||||| |||| 00| 0 eng d
020 ## - ISBN
International Standard Book Number 9789394645516
Price Rs.3595.00
040 ## - CATALOGING SOURCE
Original cataloging agency VIVEKANANDA LIBRARY
082 ## - DDC NUMBER
Classification number 576.028
Book Number R246M
100 ## - MAIN ENTRY--PERSONAL NAME
Personal name Reddy, SM
245 ## - TITLE STATEMENT
Title Micribiology a liboratory manual
250 ## - EDITION STATEMENT
Edition statement 4th
260 ## - PUBLICATION, DISTRIBUTION, ETC. (IMPRINT)
Place of publication, distribution, etc Jodhpur
Name of publisher, distributor, etc Scientific Publishers
Date of publication, distribution, etc 2026
300 ## - PHYSICAL DESCRIPTION
Pages xiv, 414
650 ## - Subject
Subject Microboilogy
650 ## - Subject
Subject Culture Techniques
650 ## - Subject
Subject Microbial Physiology
700 ## - Added Entry Personal Name
Added Entry Personal Name Reddy, S Ram
942 ## - ADDED ENTRY ELEMENTS (KOHA)
Koha item type Books

No items available.

© Designed and Maintained by Vivekananda Library, MDU Rohtak